书目信息 |
| 题名: |
液压与气动技术
|
|
| 作者: | 毛好喜 主编 | |
| 分册: | ||
| 出版信息: | 北京 人民邮电出版社 2021 |
|
| 页数: | 224页 | |
| 开本: | 26cm | |
| 丛书名: | ||
| 单 册: | ||
| 中图分类: | TH137 , TH138 | |
| 科图分类: | ||
| 主题词: | 液压传动--职业教育--教材 , 气压传动--职业教育--教材 | |
| 电子资源: | ||
| ISBN: | 978-7-115-56372-9 | |
| 000 | 00932nam0 2200265 450 | |
| 001 | 2240931096 | |
| 005 | 20221008112259.50 | |
| 010 | @a978-7-115-56372-9@dCNY49.80 | |
| 100 | @a20210903d2021 em y0chiy50 ea | |
| 101 | 0 | @achi |
| 102 | @aCN@b110000 | |
| 105 | @aa z 000yy | |
| 200 | 1 | @a液压与气动技术@9ye ya yu qi dong ji shu@f毛好喜主编 |
| 205 | @a4版 | |
| 210 | @a北京@c人民邮电出版社@d2021 | |
| 215 | @a224页@c图@d26cm | |
| 300 | @a职业教育机电类系列教材 | |
| 330 | @a本书是以介绍液压传动为主、气压传动为辅的机械类和机电类专业的教学用书。全书共7章,内容包括液压传动和流体力学基础、液压动力元件、液压执行元件、液压控制元件与液压基本回路、液压辅助元件、典型液压系统分析、气压传动技术等。 | |
| 606 | 0 | @a液压传动@x职业教育@j教材 |
| 606 | 0 | @a气压传动@x职业教育@j教材 |
| 690 | @aTH137@v5 | |
| 690 | @aTH138@v5 | |
| 701 | 0 | @a毛好喜@9mao hao xi@4主编 |
| 801 | 0 | @aCN@b91MARC@c20211015 |
| 905 | @aZUCC@dTH137@e23-4 | |
| 液压与气动技术/毛好喜主编.-4版.-北京:人民邮电出版社,2021 |
| 224页:图;26cm |
| 职业教育机电类系列教材 |
| ISBN 978-7-115-56372-9:CNY49.80 |
| 本书是以介绍液压传动为主、气压传动为辅的机械类和机电类专业的教学用书。全书共7章,内容包括液压传动和流体力学基础、液压动力元件、液压执行元件、液压控制元件与液压基本回路、液压辅助元件、典型液压系统分析、气压传动技术等。 |
| ● |
| 相关链接 |
|
|
|
正题名:液压与气动技术
索取号:TH137/23-4
 
预约/预借
| 序号 | 登录号 | 条形码 | 馆藏地/架位号 | 状态 | 备注 |
| 1 | 2000912770 | 2000912770 | 第三书库/ [索取号:TH137/23-4] | 在馆 | |
| 2 | 2000912771 | 2000912771 | 第三书库/ [索取号:TH137/23-4] | 在馆 | |
| 3 | 2000912772 | 2000912772 | 第三书库/ [索取号:TH137/23-4] | 在馆 |